02026nam a2200313 a 450000100100000000500170001000800410002702000180006804000250008608200160011124500760012726000670020330000320027050000500030250503250035270000360067774000290071391000370074204900090077995201100078895201150089895201100101395201140112395201100123795201140134795201170146195201170157899900170169500003611820200930074907.0111214s2007 mx ac 000 0 spa d a9789684182974 aDO-SdBNPbspacBNPHU aR 036bG74800aGran enciclopedia Time Life /cdirección editorial Bettina Cositorto. aMexíco, D.F. :bEdiciones Culturales Internacionales,c2007. av. :bil., retrs. ;c28 cm. aLa biblioteca posee los volumenes 10, 11 y 120 gv. 10 -tBiografías universales: grandes forjadores de la historia de la humanidad: Aalto-García Lorca:gV.11 -tBiografías universales: grandes forjadores de la historia de la humanidad: García Márquez-Paganinigv.12 -tBiografías universales: grandes forjadores de la historia de la humanidad : Paine-Zweig12aCositorto, Bettina,eed.9529952 aBiografías universales aValidado. Control de calidad MFF aBNPD 0010718GR-RaGRbBNPHUcHDd2011-12-14iLF1l0ov.10p36118-10r2020-06-25w2020-06-25y1ZNo se presta 0010718GR-RaGRbBNPHUcHDd2011-12-14iLF1l0ov.10, e.2p36118-20r2020-06-25w2020-06-25y1ZNo se presta 0010718GR-RaGRbBNPHUcHDd2011-12-14iLF1l0ov.11p36118-30r2020-06-25w2020-06-25y1ZNo se presta 0010718GR-RaGRbBNPHUcHDd2012-09-19iLF1l0ov.11 e.2p36118-40r2020-06-25w2020-06-25y1ZNo se presta 0010718GR-RaGRbBNPHUcHDd2012-09-19iLF1l0ov.12p36118-50r2020-06-25w2020-06-25y1ZNo se presta 0010718GR-RaGRbBNPHUcHDd2012-09-19iLF1l0ov.12 e.2p36118-60r2020-06-25w2020-06-25y1ZNo se presta 0010718GR-RaGRbBNPHUcHDd2017-07-19iLF1l0ov. 11, e. 3p36118-80r2020-06-25w2020-06-25y1ZNo se presta 0010718GR-RaGRbBNPHUcHDd2017-07-19iLF1l0ov. 12, e. 3p36118-90r2020-06-25w2020-06-25y1ZNo se presta c35609d35609